Morphology and melt rheological behaviour of sisal fibre reinforced butadiene rubber composites (Record no. 52076)

MARC details
000 -LEADER
fixed length control field 00569nam a2200205Ia 4500
100 ## - MAIN ENTRY--AUTHOR NAME
Personal name Prasanthakumar R.
245 #0 - TITLE STATEMENT
Title Morphology and melt rheological behaviour of sisal fibre reinforced butadiene rubber composites
260 ## - PUBLICATION, DISTRIBUTION, ETC. (IMPRINT)
Name of publisher Composites Science Technology
Year of publication 2000
300 ## - PHYSICAL DESCRIPTION
Number of Pages 1737
650 ## - SUBJECT ADDED ENTRY--TOPICAL TERM
Topical Term Butadiene rubber
650 ## - SUBJECT ADDED ENTRY--TOPICAL TERM
Topical Term Composite
650 ## - SUBJECT ADDED ENTRY--TOPICAL TERM
Topical Term Rheology
650 ## - SUBJECT ADDED ENTRY--TOPICAL TERM
Topical Term Sisal fibre
700 ## - ADDED ENTRY--PERSONAL NAME
Personal name Nair K.C.M.
700 ## - ADDED ENTRY--PERSONAL NAME
Personal name Ramamurthy K.
700 ## - ADDED ENTRY--PERSONAL NAME
Personal name Schit S.C.
700 ## - ADDED ENTRY--PERSONAL NAME
Personal name Thomas S.
942 ## - ADDED ENTRY ELEMENTS (KOHA)
Koha item type Bibliography STAF
Holdings
Withdrawn status Lost status Damaged status Not for loan Home library Current library Date acquired Serial Enumeration / chronology Koha item type
      Bibliography RRII Library RRII Library 09/04/2014 Volume 60, Issue Bibliography STAF